THE BOY AT THE BACK OF THE CLASS (Record no. 4976)
[ view plain ]
| 000 -LEADER | |
|---|---|
| fixed length control field | 00316nam a22001217a 4500 |
| 008 - FIXED-LENGTH DATA ELEMENTS--GENERAL INFORMATION | |
| fixed length control field | 250428b ||||| |||| 00| 0 eng d |
| 020 ## - INTERNATIONAL STANDARD BOOK NUMBER | |
| International Standard Book Number | 9781984850812 |
| 082 ## - DEWEY DECIMAL CLASSIFICATION NUMBER | |
| Classification number | 823.92 RAU |
| 100 ## - MAIN ENTRY--PERSONAL NAME | |
| Personal name | Q.RAUF,ONJALI |
| Relator term | AUTHOR |
| 245 ## - TITLE STATEMENT | |
| Title | THE BOY AT THE BACK OF THE CLASS |
| 260 ## - PUBLICATION, DISTRIBUTION, ETC. | |
| Name of publisher, distributor, etc. | RANDOM HOUSE CHILDREN'S BOOKS |
| 942 ## - ADDED ENTRY ELEMENTS (KOHA) | |
| Source of classification or shelving scheme | |
| Withdrawn status | Lost status | Source of classification or shelving scheme | Damaged status | Not for loan | Collection code | Permanent Location | Current Location | Shelving location | Date acquired | Full call number | Barcode | Date last seen | Price effective from | Koha item type | Public note | Total Checkouts | Date last checked out |
|---|---|---|---|---|---|---|---|---|---|---|---|---|---|---|---|---|---|
| Fiction | KH8 Primary School Library | KH8 Primary School Library | Fiction | 2025-04-28 | 823.92 RAU | KHPL000006930 | 2025-12-05 | 2025-04-28 | Books - Fiction | KH8 PRIMARY LIBRARY | |||||||
| Fiction | KH8 Primary School Library | KH8 Primary School Library | Fiction | 2025-09-04 | 823.92 RAU | KHPL000007129 | 2026-01-26 | 2025-09-04 | Books - Fiction | PRIMARY LIBRARY | 2 | 2026-01-19 |